| 000 | 00878nam a2200229 a 4500 | ||
|---|---|---|---|
| 001 | 000011266 | ||
| 005 | 20200929162414.0 | ||
| 008 | 091015s2000 dr ac r 000 0 spa d | ||
| 040 |
_aDO-SdBNP _bspa _cBNPHU |
||
| 082 |
_a796.3578 _bB239s |
||
| 100 | 1 |
_aBarbour Luna, Andrés _926838 |
|
| 245 | 1 | 0 |
_aSoftbol : _bcompendio cronológico etapa 1943-1968 / _cAndrés Barbour Luna. |
| 260 |
_aSantiago de los Caballeros, República Dominicana : _bImpresora Nico, _c2000. |
||
| 300 |
_a253 p. : _bil., retrs. ; _c21 cm. |
||
| 504 | _aBibliografía : p. 249. | ||
| 590 | _aInventariado, 2018/BT | ||
| 650 | 4 |
_aSoftbol _xHistoria _zRepública Dominicana _926839 |
|
| 650 | 4 |
_aJugadores de softbol _926840 |
|
| 650 | 4 |
_aJuegos de pelota _xHistoria _zRepública Dominicana _926841 |
|
| 650 | 4 |
_aDeportes _xHistoria _zRepública Dominicana _918281 |
|
| 910 | _aValidado. Control de calidad. EMS | ||
| 999 |
_c10983 _d10983 |
||